| Tag |
First Indicator |
Second Indicator |
Subfields |
| LEADER |
00000cgm a2200000za 4500 |
| 001 |
in00003592213 |
| 006 |
m o c |
| 007 |
vz uzazuu |
| 007 |
cr una---unuuu |
| 008 |
150908p20152007cau077 o vlund d |
| 005 |
20260324164621.2 |
| 028 |
5 |
2 |
|a 1156005
|b Kanopy
|
| 035 |
|
|
|a (CaSfKAN)kan1156005
|
| 040 |
|
|
|a VDU
|b eng
|c VDU
|d UtOrBLW
|
| 245 |
0 |
0 |
|a It's Still Elementary.
|
| 264 |
|
1 |
|a [San Francisco, California, USA] :
|b Kanopy Streaming,
|c 2015.
|
| 300 |
|
|
|a 1 online resource (streaming video file)
|
| 306 |
|
|
|a Duration: 78 minutes
|
| 336 |
|
|
|a two-dimensional moving image
|b tdi
|2 rdacontent
|
| 337 |
|
|
|a computer
|b c
|2 rdamedia
|
| 338 |
|
|
|a online resource
|b cr
|2 rdacarrier
|
| 500 |
|
|
|a Title from title frames.
|
| 518 |
|
|
|a Originally produced by New Day Films in 2007.
|
| 520 |
|
|
|a It examines the incredible impact of another New Day title, It's Elementary - Talking About Gay Issues in School, over the last decade and follows up with teachers and students featured in the first film to see how lessons about LGBT people changed their lives. It's STILL Elementary also documents the story behind the controversial PBS broadcast of It's Elementary and the infamous right-wing attacks on the film and its creators. It's STILL Elementary is a call to action for parents and educators to continue working for safe, inclusive schools. "'It's STILL Elementary' is a powerful call to action to stop ignoring anti-gay slurs, and work for more welcoming and inclusive classrooms. Nobody can watch this movie and walk away without feeling that they too have a role to play in creating a climate that respects and protects all youth." Rhonda Thomason, Teaching Tolerance
|
| 538 |
|
|
|a Mode of access: World Wide Web.
|
| 546 |
|
|
|a In English
|
| 500 |
|
|
|a Electronic resource.
|
| 653 |
|
|
|a Documentaries
|
| 653 |
|
|
|a LGBT
|
| 655 |
|
7 |
|a Nonfiction films.
|2 lcgft
|0 http://id.loc.gov/authorities/genreForms/gf2011026423
|
| 655 |
|
7 |
|a Internet videos.
|2 lcgft
|0 http://id.loc.gov/authorities/genreForms/gf2011026337
|
| 700 |
1 |
|
|a Chasnoff, Debra,
|e filmmaker.
|
| 710 |
2 |
|
|a Kanopy (Firm)
|0 http://id.loc.gov/authorities/names/no2014091415
|
| 856 |
4 |
0 |
|u http://proxy.library.tamu.edu/login?url=https://texasam.kanopystreaming.com/node/156006
|z Connect to this streaming video
|t 0
|
| 999 |
f |
f |
|s fd6b849f-d405-3669-a580-3b41249124bf
|i 6029590b-0e26-3ccc-81c5-09d4d670e877
|t 0
|
| 952 |
f |
f |
|a Texas A&M University
|b College Station
|c Electronic Resources
|s www_evans
|d Available Online
|t 0
|h No information provided
|
| 998 |
f |
f |
|t 0
|l Available Online
|